| 000 | 00582nam a2200181 a 4500 | ||
|---|---|---|---|
| 001 | 000023194 | ||
| 005 | 20250701132841.0 | ||
| 008 | 101130s1968 ag 000 0 spa d | ||
| 040 |
_aDO-SdBNP _bspa _cBNPHU |
||
| 082 |
_a338.90091724 _bH143t |
||
| 100 | 1 |
_aHagen, Everett E. _947746 |
|
| 245 | 1 | 3 |
_aLa teoría económica del desarrollo / _cEverett E. Hagen. |
| 260 |
_aBuenos Aires : _bAmorrortu ; _bCentro Regional de Ayuda Técnica, _c1968. |
||
| 300 |
_a491 p. ; _c23 cm. |
||
| 650 | 0 |
_aDesarrollo económico _985548 |
|
| 650 | 4 |
_aRegiones subdesarrolladas _930626 |
|
| 049 | _aBNGR | ||
| 999 |
_c22691 _d22691 |
||